Normal view
MARC view
- Ruiz Soriano, Laura
Entry Nombre Personal
001 - NUMERO DE CONTROL
- campo de control: 49918
003 - IDENTIFICADOR DE NUMERO DE CONTROL
- campo de control: UPN
005 - FECHA Y HORA DE LA ÜLTIMA TRANSACCIÓN
- campo de control: 20230908124008.0
008 - DATOS DE LONGITUD FIJA
- campo de control de longitud fija: 230908|| acn||aabn | a|a d
024 7# - OTROS IDENTIFICADORES NORMALIZADOS
- Fuente: orcid
- Número normalizado o código: https://orcid.org/0009-0006-0490-5968
040 ## - FUENTE DE CATALOGACIÓN
- Agencia original de catalogación: MX-MxUPN
100 ## - ENCABEZAMIENTO - NOMBRE PERSONAL
- Nombre personal: Ruiz Soriano, Laura
370 ## - LUGAR ASOCIADO
- Associated country: España
373 ## - GRUPO ASOCIADO
- Associated group: Universidad de Vigo
- Associated group: Asociación Ourensana de Esclerosis Múltiple
374 ## - OCUPACIÓN
- Occupation: Profesora - investigadora universitaria
670 ## - FUENTE EN LA QUE SE LOCALIZARON DATOS
- Cita de la fuente: En recurso en línea: Pedagogía social : revista interuniversitaria. No. 43 (2023)
- Información localizada: (Laura Ruiz Soriano)
- Uniform Resource Identifier: https://recyt.fecyt.es/index.php/PSRI/article/view/95452
902 ## - CATALOGADOR
- Catalogador: BLSM/080923
